Statystyki dla Stolice australijskich stanów i terytorii

Kliknij tutaj aby rozwiązać quiz!

Ogólne statystyki

  • Ten quiz został rozwiązany 48 razy
  • Średni wynik to 6 z 8

Statystyki odpowiedzi

stan lub terytoriumpopulacjamiasto% Poprawnych
Nowa Południowa Walia5,230,330Sydney
100%
Terytorium Stolicy Australii457,563Canberra
86%
Wiktoria4,936,349Melbourne
83%
Zachodnia australia2,059,484Perth
83%
Południowa Australia1,345,777Adelaide
61%
Queensland2,462,637Brisbane
61%
Północne terytorium148,564Darwin
58%
Tasmania232,606Hobart
56%

Rozkład punktacji

Percentyl według liczby udzielonych odpowiedzi

Procent ludzi z każdym wynikiem

Twoja historia wyników

Nie rozwiązałeś tego quizu